LEADER 02927nam 22004335 450 001 9910795372503321 005 20191210113401.0 010 $a1-4648-1429-5 024 7 $a10.1596/978-1-4648-1393-1 035 $a(CKB)4950000000162600 035 $a(MiAaPQ)EBC5978772 035 $a(The World Bank)21201203 035 $a(US-djbf)21201203 035 $a(EXLCZ)994950000000162600 100 $a20190911d2019 uy 0 101 0 $aeng 135 $aurcn||||||||| 181 $ctxt$2rdacontent 182 $cn$2rdamedia 183 $anc$2rdacarrier 200 10$aHarvesting prosperity : $eTechnology and productivity growth in agriculture /$fKeith Fugile 210 1$aWashington :$cWorld Bank Group,$d2019. 215 $a1 online resource (pages cm) 311 $a1-4648-1393-0 330 3 $a"This book documents frontier knowledge on the drivers of agriculture productivity to derive pragmatic policy advice for governments and development partners on reducing poverty and boosting shared prosperity. The analysis describes global trends and long-term sources of total factor productivity growth, along with broad trends in partial factor productivity for land and labor, revisiting the question of scale economies in farming. Technology is central to growth in agricultural productivity, yet across many parts of the developing world, readily available technology is never taken up. We investigate demand-side constraints of the technology equation to analyze factors that might influence producers, particularly poor producers, to adopt modern technology. Agriculture and food systems are rapidly transforming, characterized by shifting food preferences, the rise and growing sophistication of value chains, the increasing globalization of agriculture, and the expanding role of the public and private sectors in bringing about efficient and more rapid productivity growth. In light of this transformation, the analysis focuses on the supply side of the technology equation, exploring how the enabling environment and regulations related to trade and intellectual property rights stimulate Research and Development to raise productivity. The book also discusses emerging developments in modern value chains that contribute to rising productivity. This book is the fourth volume of the World Bank Productivity Project, which seeks to bring frontier thinking on the measurement and determinants of productivity to global policy makers"--$cProvided by publisher. 410 0$aWorld Bank e-Library. 606 $aCommunity development$zUnited States 615 0$aCommunity development 676 $a307.140973 700 $aFugile$b Keith$01559237 702 $aGautam$b Madhur 702 $aGoyal$b Aparajita 702 $aMaloney$b William F. 801 0$bDLC 801 1$bDLC 906 $aBOOK 912 $a9910795372503321 996 $aHarvesting prosperity$93824185 997 $aUNINA LEADER 03188nam 2200673Ia 450 001 9910783226303321 005 20200520144314.0 010 $a1-280-09724-8 010 $a9786610097241 010 $a1-4175-7725-8 010 $a92-4-068008-X 035 $a(CKB)1000000000033198 035 $a(EBL)284651 035 $a(OCoLC)171583312 035 $a(SSID)ssj0000107176 035 $a(PQKBManifestationID)11131799 035 $a(PQKBTitleCode)TC0000107176 035 $a(PQKBWorkID)10012200 035 $a(PQKB)10025749 035 $a(Au-PeEL)EBL284651 035 $a(CaPaEBR)ebr10075414 035 $a(CaONFJC)MIL9724 035 $a(MiAaPQ)EBC284651 035 $a(EXLCZ)991000000000033198 100 $a20050314d2004 uf 0 101 0 $aeng 135 $aurcn||||||||| 181 $ctxt 182 $cc 183 $acr 200 00$aAtlas$b[electronic resource] $ecountry resources for neurological disorders 2004 : results of a collaborative study of the World Health Organization and the World Federation of Neurology 210 $aGeneva $cProgramme for Neurological Diseases and Neuroscience, Department of Mental Health and Substance Abuse, World Health Organization$dc2004 215 $a1 online resource (64 p.) 300 $aTarun Dua was primarily responsible for writing this report. 311 $a92-4-156283-8 320 $aIncludes bibliographical references (p. 56-57). 327 $aPreliminaries; Contents; The project team and partners; Preface; Executive Summary; Introduction; Methodology; Results by themes; Brief review of selected topics; References; List of Respondents 330 $aThe WHO's Atlas on Country Resources for Neurological Disorders (Neurology Atlas) presents for the first time, the most comprehensive collection and compilation of information on neurological resources across 109 countries covering over 90% of the world population. The World Federation of Neurology (WFN) collaborated closely in the collection and analysis of the data and the development of the Neurology Atlas, with the active participation of leading experts in neurology all over the world and valuable assistance from WHO regional advisers and WHO country representatives. 606 $aNervous system$xDiseases$vStatistics 606 $aNervous system$xDiseases$vMaps 606 $aNervous system$xDiseases$xPatients$xMedical care$vStatistics 606 $aNervous system$xDiseases$xPatients$xServices for$vStatistics 615 0$aNervous system$xDiseases 615 0$aNervous system$xDiseases 615 0$aNervous system$xDiseases$xPatients$xMedical care 615 0$aNervous system$xDiseases$xPatients$xServices for 676 $a362.1968 676 $a614.5/98 701 $aDua$b Tarun$01474082 712 02$aWorld Federation of Neurology. 712 02$aWorld Health Organization.$bProgramme for Neurological Diseases and Neuroscience. 712 02$aWorld Health Organization.$bDepartment of Mental Health and Substance Abuse. 801 0$bMiAaPQ 801 1$bMiAaPQ 801 2$bMiAaPQ 906 $aBOOK 912 $a9910783226303321 996 $aAtlas$93812832 997 $aUNINA